تحميل...
et al.
| مؤلفون آخرون: | |
|---|---|
| التنسيق: | Printed Book |
| منشور في: |
Longman Scientific & Technical, London
1986
|
| سلاسل: | Pitman Research Notes in Mathematics, Vol.152
|
| الموضوعات: |
| LEADER | 00527nam a2200169 4500 | ||
|---|---|---|---|
| 082 | |a R PRN.152 | ||
| 100 | |a Brezis, H, |e Editor | ||
| 245 | |a et al. |c H Brezis | ||
| 250 | |||
| 260 | |a Longman Scientific & Technical, London |c 1986 | ||
| 300 | |||
| 490 | |a Pitman Research Notes in Mathematics, Vol.152 | ||
| 650 | |a Pitman Research Notes in Mathematics | ||
| 700 | |e Editor | ||
| 942 | |c BK | ||
| 999 | |c 202189 |d 202189 | ||
| 952 | |0 0 |1 0 |4 0 |6 R_PRN_152_000000000000000 |7 0 |9 215538 |a MAT |b MAT |l 0 |o R PRN.152 |p MAT3351 |r 2019-11-01 |w 2019-11-01 |y BK | ||